| 000 | 00564nam a22001577a 4500 | ||
|---|---|---|---|
| 003 | macl | ||
| 005 | 20240602113241.0 | ||
| 008 | 240602b |||||||| |||| 00| 0 eng d | ||
| 040 | _cmacl | ||
| 082 | _a370 | ||
| 100 |
_aमहेश कुमार बर्णवाल _982399 |
||
| 245 | _aशिक्षा मनोविज्ञान (बाल विकास एवं शिक्षा शास्त्र ) | ||
| 260 |
_aDelhi _bCosmos Pub. _c2022 |
||
| 650 |
_aशिक्षा मनोविज्ञान _982400 |
||
| 942 |
_2ddc _cC. BOOKS |
||
| 999 |
_c66896 _d66896 |
||